000 00827nam a2200205Ia 4500
003 GCL
008 140319s9999 xx 000 0 ara d
040 _aGCL /
_cGCL
082 0 4 _a016.340
_bم ب
100 1 _aالمجلس الاعلى لرعاية الفنون والاداب والعلوم الاجتماعية
245 1 0 _aببلوجرافيا القانون والعلوم السياسية من سنة 1875 الى 1970 /
_cالمجلس الاعلى لرعاية الفنون والاداب والعلوم الاجتماعية
260 _a[S.N] :
_bالهيئة المصرية العامة للكتاب ،
_c1975
300 _aمتعدد الترقيم
490 _a
650 0 4 _aالقانون
650 0 4 _aالسياسة
650 0 4 _aالكتب
650 0 4 _aالببليوجرافيا
942 _2ddc
_cBK
999 _c29923
_d29923